00750nam a2200241Ia 4500001000900000003000500009005001700014008004100031020001800072040000900090082001900099100002700118245010800145250001100253260002700264300001100291500005300302650003100355650002900386650002000415650003100435700004200466dia_1466CHAP20251021153146.0220601s9999 xx 000 0 und d a968-6046-09-7 cCHAP a620.1 S55 1979 aShigley, Joseph Edward aDiseño en ingeniería mecánica / Joseph Edward Shigley ; traducción Francisco Paniagua Bocanegra a2a ed. aMéxico : McGraw-Hill a785 p. aTítulo original: Mechanical engineering design a1. Maquinaria -- Diseño  aIngeniería mecánica  aMachine design  aMechanical engineering  aPaniagua Bocanegra, Francisco, tr.Ì